Iniciación a la música : Para los aficionados a la música y a la radio /

Guardado en:
Autor Principal: Emmanuel, Mauricio [et.al.].
Formato: Libro
Idioma:Undetermined
Publicado: Madrid : Espasa-Calpe s.a., 1962.
Materias:
Etiquetas: Agregar Etiqueta
Sin Etiquetas, Sea el primero en etiquetar este registro!
LEADER 00561nam a22001575a 4500
001 EHU.bham046122
005 20110418153058.0
008 110418s1962####sp############000#0#und#d
100 1 |a Emmanuel, Mauricio [et.al.]. 
245 0 0 |a Iniciación a la música :  |b Para los aficionados a la música y a la radio /  |c Mauricio Emmanuel [et. al.]. 
260 |a Madrid :  |b Espasa-Calpe s.a.,  |c 1962. 
300 |a 521 p. 
653 |a Música. 
653 |a Historia de la música. 
653 |a Obras musicales. 
859 |a AR-BHAM  |b BIB. HUMANIDADES - Donacion Lejarraga  |h MFN000341  |p 000341.19